000 01656cam a2200349 i 4500
003 SA-RiAUC
005 20250102090812.0
008 241229s1997 su g 00000 ara c
040 _aSA-RiKSU
_bara
_cSA-RiAUC
_erda
041 1 _aara
_hund
043 _aa-su---
_aar-----
082 0 4 _a953.1
_qSA-RiAUC
090 _a953.1
_b ن و ل
100 1 _aنولده، إدوارد،
_cالبارون،
_d1849-1895
_eمؤلف.
245 1 2 _aالأوضاع السياسية في وسط الجزيرة العربية عند نهاية القرن التاسع عشر :
_bحائل-القصيم-الرياض /
_cإدوارد نولده ؛ تعريب وتقديم وتحرير عوض البادي.
250 _aالطبعة الأولى.
264 1 _aالرياض :
_bدار بلاد العرب للنشر،
_c1997
300 _a118 صفحة ؛
_c24 سم
336 _aنص
_btxt
_2rdacontent
_3كتاب
337 _aبدون وسيط
_bn
_2rdamedia
338 _aمجلد
_bnc
_2rdacarrier
500 _aنص رحلة البارون إدوارد نولده مبعوث روسيا إلى نجد عام 1893 م. / 1310 هـ.
651 7 _aالسعودية
_xتاريخ
_2aucsh
651 7 _aشبه الجزيرة العربية
_xسياسة وحكومة
_2aucsh
651 7 _aشبه الجزيرة العربية
_xوصف ورحلات
_2aucsh
651 7 _aالسعودية
_xوصف ورحلات
_2aucsh
651 7 _aشبه الجزيرة العربية
_xتاريخ
_2aucsh
651 7 _aالسعودية
_xسياسة وحكومة
_2aucsh
700 1 _aالبادي، عوض
_eمعرب.
942 _2ddc
_cBOOK
_n0
949 _aSA-JeALM
_d241229
_umohamedma123
_n1
999 _c4354
_d4354